| 000 | 00896cam a22002534a 4500 | ||
|---|---|---|---|
| 001 | 15927162 | ||
| 005 | 20250314202017.0 | ||
| 007 | co ugu|||||||| | ||
| 008 | 090923s2010 nyua b 001 0 eng | ||
| 020 | _a9781420074222 (hardcover : alk. paper) | ||
| 020 | _a1420074229 (hardcover : alk. paper) | ||
| 050 | 0 | 0 |
_aRS57 _b.B65 2010 |
| 082 | 0 | 0 |
_a615/.1072 _222 |
| 100 | 1 |
_aBolton, Sanford, _d1929- |
|
| 245 | 1 | 0 |
_aPharmaceutical statistics : _bpractical and clinical applications / v203 _cSanford Bolton, Charles Bon. |
| 250 | _a5th ed. | ||
| 260 |
_aNew York : _bInforma Healthcare USA, _cc2010. |
||
| 300 |
_axv, 656 p. : _bill. ; _c27 cm. + _e1 CD-ROM (4 3/4 in.). |
||
| 650 | 0 |
_aPharmacy _xStatistical methods. |
|
| 650 | 1 | 2 |
_aPharmacy _xmethods _vLaboratory Manuals. |
| 650 | 2 | 2 |
_aStatistics as Topic _vLaboratory Manuals. |
| 700 | 1 |
_aBon, Charles, _d1949- |
|
| 942 |
_2lcc _cBK _e5th ed. _n0 |
||
| 999 |
_c4846 _d4846 |
||